00758nam a22001935i 4500001000700000003000900007005001700016008004100033040002600074100003100100245016200131260007700293300002900370650002900399700003400428700003000462852003600492852003600528156552ES-MaACL20250801160900.0990701s1841 fr |||| | fre d aCLM bspa cCCPB | 3D1 aKant, Immanuel,d1724-180413aLa religion dans les limites de la raison / cPar E. Kant ; traduit de l'allemand par J. Trullard ; avec une lettre adressèe au traducteur par M.E. Quinet. aA Paris : bLibraire de Ladrange, c1841 (fDe l'imprimerie de Crapelet) aXXVII, 392 p. ; c22 cm. 4aReligión-xFilosofía1 aTrullard, Jacques,d1815-18871 aQuinet, Edgar,d1803-1875 aES-MaACLjF-7396 z-- Enc. hol. aES-MaACLjD-4863 z-- Enc. hol.